Religion as Basis of National Integration in Indian. (Record no. 5963)

MARC details
000 -LEADER
fixed length control field 00685nam a2200241 a 4500
020 ## - INTERNATIONAL STANDARD BOOK NUMBER
ISBN
082 00 - DEWEY DECIMAL CLASSIFICATION NUMBER
Classification number 211.6
Author Cutter KHA1
100 ## - MAIN ENTRY--AUTHOR NAME
Author name Khan, Mahmood Ali
245 ## - TITLE STATEMENT
Title Religion as Basis of National Integration in Indian.
260 ## - PUBLICATION, DISTRIBUTION, ETC. (IMPRINT)
Place of publication Hyderabad
Name of publisher Shivaji Press
Year of publication 1968
300 ## - PHYSICAL DESCRIPTION
Number of Pages 73p
500 ## - GENERAL NOTE
General note includes index and biblioraphy
505 2# - FORMATTED CONTENTS NOTE
Formatted contents note National Integration Series pub by Instt. of Indo-Middle East cultural studies Hyderabad-India.
650 ## - SUBJECT ADDED ENTRY--TOPICAL TERM
Topical Term Secularism
942 ## - ADDED ENTRY ELEMENTS (KOHA)
Koha item type Books
700 1# -
-- Khan, Mahmood Ali
Holdings
Home library Current library Date acquired Cost, normal purchase price Full call number Accession Number Koha item type
Henry Martyn Institute Library Henry Martyn Institute Library 05/26/2008 100.00 211.6 KHA1 06322 E-Books
                   Copyright © 2026 | Henry Martyn Institute | Hyderabad | TS-500052 | INDIA | Implemented by hmi.edu.in
Hit-Count:

Powered by Koha